El censo para el servicio de las armas : Amatitán 1810 /

-д хадгалсан:
Номзүйн дэлгэрэнгүй
Үндсэн зохиолч: Jiménez Vizcarra, Miguel Claudio (autor)
Формат: Ном
Хэл сонгох:испани
Хэвлэсэн: Guadalajara, México : Benemérita Sociedad de Geografía y Estadística del Estado de Jalisco, 2010
Шошгууд: Шошго нэмэх
Шошго байхгүй, Энэхүү баримтыг шошголох эхний хүн болох!

MARC

LEADER 00000nam^a2200000^a^4500
001 000624605
005 20260220000000.0
009 20260310133959.453
037 |a Acervo ITESO - Biblioteca 
041 |a ESP 
091 |a FOB. 02882 
100 |a Jiménez Vizcarra, Miguel Claudio  |e (autor) 
245 1 3 |a El censo para el servicio de las armas :  |b Amatitán 1810 / 
264 1 |a Guadalajara, México :  |b Benemérita Sociedad de Geografía y Estadística del Estado de Jalisco,  |c 2010 
300 |a 42 p. 
336 |a texto  |b txt  |2 rdacontenido 
337 |a sin mediación  |b n  |2 rdamedio 
338 |a volumen  |b nc  |2 rdasoporte 
649 |a XX 
910 |a Fondo Carlos de Obeso Orendain 
920 |a Impresos - Libros 
930 |a Fondos Especiales 
905 |a 147 
901 |a 624605-10  |b IT2  |c ESP  |i D84213  |u 20251119 
902 |a https://opac.biblio.iteso.mx/vufind/Record/000624605